| 000 | 01443nam a22003857a 4500 | ||
|---|---|---|---|
| 003 | CHAP | ||
| 005 | 20220329141110.0 | ||
| 008 | 971013s1997 r 00010 d | ||
| 010 | _a62544 | ||
| 011 | _a63516 | ||
| 035 | _a67692 | ||
| 040 | _cCHAP | ||
| 090 | _aTesis | ||
| 100 | 0 | 0 |
_aRico Cerda, José. _997321 |
| 245 | _aVariación morfológica en Pinus radiata var. binata (Engelm.) Lemmon y Pinus radiata var. cedrosensis (Howell) Axelrod de Isla Guadalupe e Isla Cedros, B. C. N., México | ||
| 260 |
_aChapingo, Méx. : _bEl autor, _c1997 |
||
| 300 |
_a105 h. _b: ilus. |
||
| 502 | _aTesis (Ing. Agr. Esp. en Bosques) -- UACH. División de Ciencias Forestales | ||
| 590 |
_aALEPH _b10 _c20130110 _lUCH01 _h1345 |
||
| 590 |
_aBATCH-UPD _b10 _c20130110 _lUCH01 _h0115 |
||
| 590 |
_aBATCH-UPD _b10 _c20130110 _lUCH01 _h2001 |
||
| 590 |
_aBATCH-UPD _b10 _c20130409 _lUCH01 _h2107 |
||
| 590 |
_aBATCH-UPD _b10 _c20130410 _lUCH01 _h1321 |
||
| 590 |
_aBATCH-UPD _b10 _c20130914 _lUCH01 _h1252 |
||
| 590 |
_aCONVERSION _b10 _c20130109 _lUCH01 _h1334 |
||
| 650 | 1 | 4 |
_aEcología forestal. _935176 |
| 650 | 1 | 4 |
_aPináceas _xBaja California Norte. _988216 |
| 650 | 1 | 4 |
_aPináceas _xFisiología y morfología. _988236 |
| 650 | 1 | 4 |
_aPinus radiata. _988362 |
| 650 | 1 | 4 |
_aVariación (Botánica) _9118141 |
| 901 | _aBK | ||
| 942 | _cFOLL | ||
| 949 |
_bBC _cTES _d-153071 _eTS1 _h31224 _i67692 _si |
||
| 949 |
_bBC _cTES _d33724000635868 _eTS2 _fc.2 _h31225 _i67692 _si |
||
| 999 |
_c62544 _d62544 |
||